Score 0/20 Timer 09:00
0 Plays Today
Hint Answer % Correct
aaannbbanana
98.7%
ikibinbikini
88.8%
rvakaardaardvark
85.7%
nndaaabbandana
80.1%
acsamramascara
71.3%
ravancacaravan
61.1%
ciltiliillicit
42.7%
mragnaaanagram
35.2%
amatnadadamant
32.2%
aslaganlasagna
31.9%
Hint Answer % Correct
dispiniinsipid
30.4%
zhdaaaphrhaphazard
27.5%
himidsindiminish
23.5%
mlacaanalmanac
22.1%
misctircicriticism
20.3%
imgilnitlimiting
20.1%
biigimnbimbibing
18.8%
itwitsimcwitticism
17.9%
listpicimssimplistic
14.4%
kghcihiinthhitchhiking
12.1%

You're not logged in!

Compare scores with friends on all Sporcle quizzes.
OR
Log In

Sporcle TV

Today on Sporcle TV


Watch our educational content, quiz creation guides, and fun videos on Sporcle TV.

Show Comments

Extras

Top Quizzes Today


Score Distribution

Paid Content

Your Account Isn't Verified!

In order to create a playlist on Sporcle, you need to verify the email address you used during registration. Go to your Sporcle Settings to finish the process.

Report this User

Report this user for behavior that violates our Community Guidelines.

Details: